000 01065nji a22002777a 4500
005 20100920102321.0
006 a|||||r|||||00| 0
007 sd ammalaaahaa
008 100830t xxu||||| |||| 00| 0 eng d
028 _a2392 599
_bMULTI-SOUND
035 _aGR-03874
040 _aSED
_cSED
100 _917455
_aChaudhuri, Bijoya
245 _aTagore songs /
_csung by Bijoya Chaudhuri; music & lyric by Rabindranath Tagore
_h[sound recording] :
246 _aটেগোর সংস /
260 _aDum Dum, India
_bMULTI-SOUND
_c1985
300 _a1 sound disc [Gramophone Recording]:
_banalog, 33 1/3 rpm
_c12.5 in. (LP)
_fGramophone Record
500 _aBrief Record
500 _aRecord labels : MULTI-SOUND, Yellow
505 _aSide-1 (Mor bhavanare kee haoay matalo) Side-2 (Prabhu amar priyo amar)
600 _aChaudhuri, Bijoya
_920359
650 _aBengali Songs
_zIndia
_91186
_xExcerpts
700 _aTagore, Rabindranath
_920644
942 _2ddc
_cGR
999 _c46858
_d46858